Slayer Songs - Sudden Death - Statistics

General Stats
  • This quiz has been taken 49 times
  • The average score is 8 of 10
Answers on the Grid
Answers color-coded by a green-red scale on the quiz's grid according to % correct below.
Angel of Death
Beyond the Iron Reign
Bloodstorm Revelation
Cast the First Stone
Chains of Eternal Wrath
Crimson Fury Unleashed
Dead Skin Mask
Devourer of the Ashen Sky
Dominion of Rot and Ruin
Expendable Youth
Gemini
Hammer of the Forsaken Ones
Into the Bonefire Realm
Nightfall Executioners
Raining Blood
Reborn in Crimson Flames
Seasons in the Abyss
Sex, Murder, Art
Shadows of the Burning Throne
Silent Crown of the Dead
South of Heaven
Temple of the Fallen Sun
Terror at the Final Gate
Throne of the Violent Serpent
Under the Scorched Covenant
Veins of the Broken Empire
Voices Carved in Stone
War Ensemble
Warlords of the Black Horizon
Wolves of the Dying Cross
 
Answer Stats
Answer % Correct
Angel of Death
100%
Raining Blood
95%
Seasons in the Abyss
93%
South of Heaven
91%
War Ensemble
88%
Dead Skin Mask
84%
Expendable Youth
74%
Sex, Murder, Art
47%
Gemini
44%
Cast the First Stone
42%
No matching quizzes found
Score Distribution
Percent of People with Each Score
Percentile by Number Answered
Your Score History
You have not taken this quiz